000
00307nam a22001097a 4500
008
160512b xxu||||| |||| 00| 0 eng d
020
_a
0314044671
041
_a
eng
080
_a
612.39
245
_a
Advanced nutrition and human metabolism;
_c
James L. Groff; Sareen S. Gropper; Sara M. Hunt;
942
_2
udc
_c
BK
999
_c
2132
_d
2132